00588nam a2200205Ia 4500003000400000005001700004008004100021020001900062040000700081041000800088082001500096100002700111245003300138260002000171300000900191650002000200942001300220999001900233952013000252OSt20251016111628.0250729s2005 xx 000 0 und d a 9788178882246 cAL aeng a530.7 TRIT aTripathi Salil9223173 aTeaching of physical science aNew Delhic2005 a281p aPhysics9223174 2ddccBED c235772d235772 00104070aALbALd2025-07-29eSita Book Houseg195.00l0o530.7 TRITpBED01091r2025-07-29 16:54:17v195.00w2025-07-29yBK